<?xml version="1.0" encoding="UTF-8"?>
<record
    xmlns:xsi="http://www.w3.org/2001/XMLSchema-instance"
    xsi:schemaLocation="http://www.loc.gov/MARC21/slim http://www.loc.gov/standards/marcxml/schema/MARC21slim.xsd"
    xmlns="http://www.loc.gov/MARC21/slim">

  <leader>04200nam a22004457a 4500</leader>
  <controlfield tag="005">20110809150725.0</controlfield>
  <datafield tag="010" ind1=" " ind2=" ">
    <subfield code="a">B-425114-128</subfield>
  </datafield>
  <datafield tag="020" ind1=" " ind2=" ">
    <subfield code="a">8176254045</subfield>
    <subfield code="c">1700.00 (set)</subfield>
  </datafield>
  <datafield tag="035" ind1=" " ind2=" ">
    <subfield code="a">B-425114-128</subfield>
  </datafield>
  <datafield tag="037" ind1=" " ind2=" ">
    <subfield code="b">Researchco Book Centre</subfield>
  </datafield>
  <datafield tag="082" ind1=" " ind2=" ">
    <subfield code="a">351.54</subfield>
  </datafield>
  <datafield tag="100" ind1=" " ind2=" ">
    <subfield code="a">Parashar, P.N.</subfield>
    <subfield code="9">32234</subfield>
  </datafield>
  <datafield tag="245" ind1=" " ind2=" ">
    <subfield code="a">History and problems of civil services in India /</subfield>
    <subfield code="c">P.N. Parashar.</subfield>
  </datafield>
  <datafield tag="260" ind1=" " ind2=" ">
    <subfield code="a">New Delhi</subfield>
    <subfield code="b">Saroop and Sons</subfield>
    <subfield code="c">2003.</subfield>
  </datafield>
  <datafield tag="270" ind1=" " ind2=" ">
    <subfield code="a">4740/23, Ansari Road, </subfield>
    <subfield code="b">New Delhi</subfield>
  </datafield>
  <datafield tag="300" ind1=" " ind2=" ">
    <subfield code="a">3v.</subfield>
    <subfield code="c">22 cm (Hb)</subfield>
  </datafield>
  <datafield tag="300" ind1=" " ind2=" ">
    <subfield code="a">v.1(278p.)</subfield>
  </datafield>
  <datafield tag="300" ind1=" " ind2=" ">
    <subfield code="a"> v.2(210p)</subfield>
  </datafield>
  <datafield tag="300" ind1=" " ind2=" ">
    <subfield code="a">v.3 (253p.)</subfield>
  </datafield>
  <datafield tag="490" ind1=" " ind2=" ">
    <subfield code="a">Studies in public administration</subfield>
    <subfield code="v">v.1 (History and problems of civil services in India)</subfield>
    <subfield code="v">v.2 (Development role of civil services)</subfield>
    <subfield code="v">v.3 (Research and reforms in civil services)</subfield>
    <subfield code="9">32235</subfield>
  </datafield>
  <datafield tag="500" ind1=" " ind2=" ">
    <subfield code="a">includes index</subfield>
  </datafield>
  <datafield tag="650" ind1=" " ind2=" ">
    <subfield code="a">Civil services </subfield>
    <subfield code="z">India</subfield>
    <subfield code="9">32236</subfield>
  </datafield>
  <datafield tag="942" ind1=" " ind2=" ">
    <subfield code="2">ddc</subfield>
    <subfield code="c">EN</subfield>
    <subfield code="h">351.54</subfield>
    <subfield code="m">PAR</subfield>
  </datafield>
  <datafield tag="999" ind1=" " ind2=" ">
    <subfield code="c">55102</subfield>
    <subfield code="d">55102</subfield>
  </datafield>
  <datafield tag="952" ind1=" " ind2=" ">
    <subfield code="0">0</subfield>
    <subfield code="1">0</subfield>
    <subfield code="3">v.1</subfield>
    <subfield code="4">0</subfield>
    <subfield code="7">0</subfield>
    <subfield code="8">NFIC</subfield>
    <subfield code="a">L</subfield>
    <subfield code="b">L</subfield>
    <subfield code="d">2011-08-10</subfield>
    <subfield code="e">Researchco Book Centre/RBC-22386/2011-12/14.3.11/76/4.3.11/23.3.11</subfield>
    <subfield code="g">1700.00</subfield>
    <subfield code="l">0</subfield>
    <subfield code="o">351.54 PAR</subfield>
    <subfield code="p">B-425114</subfield>
    <subfield code="r">2011-08-10 00:00:00</subfield>
    <subfield code="t">1</subfield>
    <subfield code="v">1700.00</subfield>
    <subfield code="y">EN</subfield>
  </datafield>
  <datafield tag="952" ind1=" " ind2=" ">
    <subfield code="0">0</subfield>
    <subfield code="1">0</subfield>
    <subfield code="3">v.2</subfield>
    <subfield code="4">0</subfield>
    <subfield code="7">0</subfield>
    <subfield code="8">NFIC</subfield>
    <subfield code="a">L</subfield>
    <subfield code="b">L</subfield>
    <subfield code="d">2011-08-10</subfield>
    <subfield code="e">Researchco Book Centre/RBC-22386/2011-12/14.3.11/76/4.3.11/23.3.11</subfield>
    <subfield code="g">1700.00</subfield>
    <subfield code="l">2</subfield>
    <subfield code="o">351.54 PAR</subfield>
    <subfield code="p">B-425115</subfield>
    <subfield code="r">2020-12-03 00:00:00</subfield>
    <subfield code="s">2020-11-23</subfield>
    <subfield code="t">1</subfield>
    <subfield code="v">1700.00</subfield>
    <subfield code="y">EN</subfield>
  </datafield>
  <datafield tag="952" ind1=" " ind2=" ">
    <subfield code="0">0</subfield>
    <subfield code="1">0</subfield>
    <subfield code="3">v.3</subfield>
    <subfield code="4">0</subfield>
    <subfield code="7">0</subfield>
    <subfield code="8">NFIC</subfield>
    <subfield code="a">L</subfield>
    <subfield code="b">L</subfield>
    <subfield code="d">2011-08-10</subfield>
    <subfield code="e">Researchco Book Centre/RBC-22386/2011-12/14.3.11/76/4.3.11/23.3.11</subfield>
    <subfield code="g">1700.00</subfield>
    <subfield code="l">0</subfield>
    <subfield code="o">351.54 PAR</subfield>
    <subfield code="p">B-425116</subfield>
    <subfield code="r">2011-08-10 00:00:00</subfield>
    <subfield code="t">1</subfield>
    <subfield code="v">1700.00</subfield>
    <subfield code="y">EN</subfield>
  </datafield>
  <datafield tag="952" ind1=" " ind2=" ">
    <subfield code="0">0</subfield>
    <subfield code="1">0</subfield>
    <subfield code="3">v.1</subfield>
    <subfield code="4">0</subfield>
    <subfield code="7">0</subfield>
    <subfield code="8">NFIC</subfield>
    <subfield code="a">BL1</subfield>
    <subfield code="b">BL1</subfield>
    <subfield code="d">2011-08-10</subfield>
    <subfield code="e">Researchco Book Centre/RBC-22386/2011-12/14.3.11/76/4.3.11/23.3.11</subfield>
    <subfield code="g">1700.00</subfield>
    <subfield code="l">0</subfield>
    <subfield code="o">351.54 PAR</subfield>
    <subfield code="p">B-425117</subfield>
    <subfield code="r">2011-08-10 00:00:00</subfield>
    <subfield code="t">1</subfield>
    <subfield code="v">1700.00</subfield>
    <subfield code="y">EN</subfield>
  </datafield>
  <datafield tag="952" ind1=" " ind2=" ">
    <subfield code="0">0</subfield>
    <subfield code="1">0</subfield>
    <subfield code="3">v.2</subfield>
    <subfield code="4">0</subfield>
    <subfield code="7">0</subfield>
    <subfield code="8">NFIC</subfield>
    <subfield code="a">BL1</subfield>
    <subfield code="b">BL1</subfield>
    <subfield code="d">2011-08-10</subfield>
    <subfield code="e">Researchco Book Centre/RBC-22386/2011-12/14.3.11/76/4.3.11/23.3.11</subfield>
    <subfield code="g">1700.00</subfield>
    <subfield code="l">0</subfield>
    <subfield code="o">351.54 PAR</subfield>
    <subfield code="p">B-425118</subfield>
    <subfield code="r">2011-08-10 00:00:00</subfield>
    <subfield code="t">1</subfield>
    <subfield code="v">1700.00</subfield>
    <subfield code="y">EN</subfield>
  </datafield>
  <datafield tag="952" ind1=" " ind2=" ">
    <subfield code="0">0</subfield>
    <subfield code="1">0</subfield>
    <subfield code="3">v.3</subfield>
    <subfield code="4">0</subfield>
    <subfield code="7">0</subfield>
    <subfield code="8">NFIC</subfield>
    <subfield code="a">BL1</subfield>
    <subfield code="b">BL1</subfield>
    <subfield code="d">2011-08-10</subfield>
    <subfield code="e">Researchco Book Centre/RBC-22386/2011-12/14.3.11/76/4.3.11/23.3.11</subfield>
    <subfield code="g">1700.00</subfield>
    <subfield code="l">0</subfield>
    <subfield code="o">351.54 PAR</subfield>
    <subfield code="p">B-425119</subfield>
    <subfield code="r">2011-08-10 00:00:00</subfield>
    <subfield code="t">1</subfield>
    <subfield code="v">1700.00</subfield>
    <subfield code="y">EN</subfield>
  </datafield>
  <datafield tag="952" ind1=" " ind2=" ">
    <subfield code="0">0</subfield>
    <subfield code="1">0</subfield>
    <subfield code="3">v.1</subfield>
    <subfield code="4">0</subfield>
    <subfield code="7">0</subfield>
    <subfield code="8">NFIC</subfield>
    <subfield code="a">ZLS</subfield>
    <subfield code="b">ZLS</subfield>
    <subfield code="d">2011-08-10</subfield>
    <subfield code="e">Researchco Book Centre/RBC-22386/2011-12/14.3.11/76/4.3.11/23.3.11</subfield>
    <subfield code="g">1700.00</subfield>
    <subfield code="l">1</subfield>
    <subfield code="m">1</subfield>
    <subfield code="o">351.54 PAR</subfield>
    <subfield code="p">B-425120</subfield>
    <subfield code="r">2019-05-21 00:00:00</subfield>
    <subfield code="s">2019-04-25</subfield>
    <subfield code="t">1</subfield>
    <subfield code="v">1700.00</subfield>
    <subfield code="y">EN</subfield>
  </datafield>
  <datafield tag="952" ind1=" " ind2=" ">
    <subfield code="0">0</subfield>
    <subfield code="1">0</subfield>
    <subfield code="3">v.2</subfield>
    <subfield code="4">0</subfield>
    <subfield code="7">0</subfield>
    <subfield code="8">NFIC</subfield>
    <subfield code="a">ZLS</subfield>
    <subfield code="b">ZLS</subfield>
    <subfield code="d">2011-08-10</subfield>
    <subfield code="e">Researchco Book Centre/RBC-22386/2011-12/14.3.11/76/4.3.11/23.3.11</subfield>
    <subfield code="g">1700.00</subfield>
    <subfield code="l">0</subfield>
    <subfield code="o">351.54 PAR</subfield>
    <subfield code="p">B-425121</subfield>
    <subfield code="r">2011-08-10 00:00:00</subfield>
    <subfield code="t">1</subfield>
    <subfield code="v">1700.00</subfield>
    <subfield code="y">EN</subfield>
  </datafield>
  <datafield tag="952" ind1=" " ind2=" ">
    <subfield code="0">0</subfield>
    <subfield code="1">0</subfield>
    <subfield code="3">v.3</subfield>
    <subfield code="4">0</subfield>
    <subfield code="7">0</subfield>
    <subfield code="8">NFIC</subfield>
    <subfield code="a">ZLS</subfield>
    <subfield code="b">ZLS</subfield>
    <subfield code="d">2011-08-10</subfield>
    <subfield code="e">Researchco Book Centre/RBC-22386/2011-12/14.3.11/76/4.3.11/23.3.11</subfield>
    <subfield code="g">1700.00</subfield>
    <subfield code="l">0</subfield>
    <subfield code="o">351.54 PAR</subfield>
    <subfield code="p">B-425122</subfield>
    <subfield code="r">2011-08-10 00:00:00</subfield>
    <subfield code="t">1</subfield>
    <subfield code="v">1700.00</subfield>
    <subfield code="y">EN</subfield>
  </datafield>
  <datafield tag="952" ind1=" " ind2=" ">
    <subfield code="0">0</subfield>
    <subfield code="1">0</subfield>
    <subfield code="3">v.1</subfield>
    <subfield code="4">0</subfield>
    <subfield code="7">0</subfield>
    <subfield code="8">NFIC</subfield>
    <subfield code="a">BL3</subfield>
    <subfield code="b">BL3</subfield>
    <subfield code="d">2011-08-10</subfield>
    <subfield code="e">Researchco Book Centre/RBC-22386/2011-12/14.3.11/76/4.3.11/23.3.11</subfield>
    <subfield code="g">1700.00</subfield>
    <subfield code="l">0</subfield>
    <subfield code="o">351.54 PAR</subfield>
    <subfield code="p">B-425123</subfield>
    <subfield code="r">2011-08-10 00:00:00</subfield>
    <subfield code="t">1</subfield>
    <subfield code="v">1700.00</subfield>
    <subfield code="y">EN</subfield>
  </datafield>
  <datafield tag="952" ind1=" " ind2=" ">
    <subfield code="0">0</subfield>
    <subfield code="1">0</subfield>
    <subfield code="3">v.2</subfield>
    <subfield code="4">0</subfield>
    <subfield code="7">0</subfield>
    <subfield code="8">NFIC</subfield>
    <subfield code="a">BL3</subfield>
    <subfield code="b">BL3</subfield>
    <subfield code="d">2011-08-10</subfield>
    <subfield code="e">Researchco Book Centre/RBC-22386/2011-12/14.3.11/76/4.3.11/23.3.11</subfield>
    <subfield code="g">1700.00</subfield>
    <subfield code="l">0</subfield>
    <subfield code="o">351.54 PAR</subfield>
    <subfield code="p">B-425124</subfield>
    <subfield code="r">2011-08-10 00:00:00</subfield>
    <subfield code="t">1</subfield>
    <subfield code="v">1700.00</subfield>
    <subfield code="y">EN</subfield>
  </datafield>
  <datafield tag="952" ind1=" " ind2=" ">
    <subfield code="0">0</subfield>
    <subfield code="1">0</subfield>
    <subfield code="3">v.3</subfield>
    <subfield code="4">0</subfield>
    <subfield code="7">0</subfield>
    <subfield code="8">NFIC</subfield>
    <subfield code="a">BL3</subfield>
    <subfield code="b">BL3</subfield>
    <subfield code="d">2011-08-10</subfield>
    <subfield code="e">Researchco Book Centre/RBC-22386/2011-12/14.3.11/76/4.3.11/23.3.11</subfield>
    <subfield code="g">1700.00</subfield>
    <subfield code="l">0</subfield>
    <subfield code="o">351.54 PAR</subfield>
    <subfield code="p">B-425125</subfield>
    <subfield code="r">2011-08-10 00:00:00</subfield>
    <subfield code="t">1</subfield>
    <subfield code="v">1700.00</subfield>
    <subfield code="y">EN</subfield>
  </datafield>
  <datafield tag="952" ind1=" " ind2=" ">
    <subfield code="0">0</subfield>
    <subfield code="1">0</subfield>
    <subfield code="3">v.1</subfield>
    <subfield code="4">0</subfield>
    <subfield code="7">0</subfield>
    <subfield code="8">NFIC</subfield>
    <subfield code="a">BL4</subfield>
    <subfield code="b">BL4</subfield>
    <subfield code="d">2011-08-10</subfield>
    <subfield code="e">Researchco Book Centre/RBC-22386/2011-12/14.3.11/76/4.3.11/23.3.11</subfield>
    <subfield code="g">1700.00</subfield>
    <subfield code="l">0</subfield>
    <subfield code="o">351.54 PAR</subfield>
    <subfield code="p">B-425126</subfield>
    <subfield code="r">2011-08-10 00:00:00</subfield>
    <subfield code="t">1</subfield>
    <subfield code="v">1700.00</subfield>
    <subfield code="y">EN</subfield>
  </datafield>
  <datafield tag="952" ind1=" " ind2=" ">
    <subfield code="0">0</subfield>
    <subfield code="1">0</subfield>
    <subfield code="3">v.2</subfield>
    <subfield code="4">0</subfield>
    <subfield code="7">0</subfield>
    <subfield code="8">NFIC</subfield>
    <subfield code="a">BL4</subfield>
    <subfield code="b">BL4</subfield>
    <subfield code="d">2011-08-10</subfield>
    <subfield code="e">Researchco Book Centre/RBC-22386/2011-12/14.3.11/76/4.3.11/23.3.11</subfield>
    <subfield code="g">1700.00</subfield>
    <subfield code="l">0</subfield>
    <subfield code="o">351.54 PAR</subfield>
    <subfield code="p">B-425127</subfield>
    <subfield code="r">2011-08-10 00:00:00</subfield>
    <subfield code="t">1</subfield>
    <subfield code="v">1700.00</subfield>
    <subfield code="y">EN</subfield>
  </datafield>
  <datafield tag="952" ind1=" " ind2=" ">
    <subfield code="0">0</subfield>
    <subfield code="1">0</subfield>
    <subfield code="3">v.3</subfield>
    <subfield code="4">0</subfield>
    <subfield code="7">0</subfield>
    <subfield code="8">NFIC</subfield>
    <subfield code="a">BL4</subfield>
    <subfield code="b">BL4</subfield>
    <subfield code="d">2011-08-10</subfield>
    <subfield code="e">Researchco Book Centre/RBC-22386/2011-12/14.3.11/76/4.3.11/23.3.11</subfield>
    <subfield code="g">1700.00</subfield>
    <subfield code="l">1</subfield>
    <subfield code="o">351.54 PAR</subfield>
    <subfield code="p">B-425128</subfield>
    <subfield code="r">2021-12-03 00:00:00</subfield>
    <subfield code="s">2021-11-18</subfield>
    <subfield code="t">1</subfield>
    <subfield code="v">1700.00</subfield>
    <subfield code="y">EN</subfield>
  </datafield>
</record>
